Statystyki dla 10 największych państw świata

Kliknij tutaj aby rozwiązać quiz!

Ogólne statystyki

  • Ten quiz został rozwiązany 155 razy
  • Średni wynik to 8 z 10

Statystyki odpowiedzi

HintOdpowiedź% Poprawnych
17 098 242Rosja
100%
9 525 067USA
98%
9 596 960Chiny
96%
9 984 670Kanada
93%
8 515 767Brazylia
88%
7 682 300Australia
82%
3 287 263Indie
80%
2 780 400Argentyna
70%
2 724 900Kazachstan
59%
2 381 741Algieria
50%

Rozkład punktacji

Percentyl według liczby udzielonych odpowiedzi

Procent ludzi z każdym wynikiem

Twoja historia wyników

Nie rozwiązałeś tego quizu